02274nam a22002297a 4500008004100000020001800041040000800059041000800067050002200075100003600097245010900133260004500242300006700287520148100354650002601835650003001861650002501891650003801916650003601954655002701990700002702017251120b |||||||| |||| 00| 0 eng d a9781526615169 cTBS aeng aHQ1061 bA53 2020 aScott, Andrew J.d1965-eauthor aThe new long life b: a framework for flourishing in a changing worldc/ Andrew J. Scott, Lynda Gratton. aDublin :bBloomsbury Publishing, c2020. a243 pages :billustrations, charts (black and white) ;c20 cm. aA practical guide to how we can positively adapt to a changing world, from the internationally bestselling authors of The 100-Year Life. "Wonderful . . . This thought-provoking book is a must-read." Daron Acemoglu, New York Times bestselling co-author of Why Nations Fail Smart new technologies. Longer, healthier lives. Human progress has risen to great heights, but at the same time it has prompted anxiety about where we're heading. Are our jobs under threat? If we live to 100, will we ever really stop working? And how will this change the way we love, manage and learn from others? One thing is clear: advances in technology have not been matched by the necessary innovation to our social structures. In our era of unprecedented change, we haven't yet discovered new ways of living. Drawing from the fields of economics and psychology, Andrew J. Scott and Lynda Gratton offer a simple framework based on three fundamental principles (Narrate, Explore and Relate) to give you the tools to navigate the challenges ahead. Both a personal road-map and a primer for governments, corporations and colleges, The New Long Life is the essential guide to a longer, smarter, happier life. "This thoughtful book explores how we can reimagine our days and our societies to make our lives better – not just longer." Adam Grant, New York Times bestselling author of Originals and Give and Take "Stimulating, insightful and inspirational."' Linda Yueh, author of The Great Economists. 0aAgingxSocial aspects 0aLongevityxSocial aspects 0aRetirementxPlanning 0aOlder peoplexEconomic conditions 0aOlder peoplexSocial conditions 0aSelf-help publications aGratton, Lyndaeauthor